000 00610nam a2200241Ia 4500
005 20250425161457.0
008 250425s9999 xx 000 0 und d
020 _a8428308977
041 _aspa
082 _a621.313028
100 _aPALACIOS BREGEL, JOSE
245 0 _aPRACTICAS DE LABORATORIO DE MAQUINAS ELECTRICAS
250 _a3A ED.
260 _aEspaƱa
_bPARANINFO
_c1986
260 _aMADRID
300 _a322
650 _aDINAMOS
650 _aENSAYOS DE LABORATORIO
650 _aMAQUINARIA ELECTRICA
650 _aMOTORES DE CORRIENTE CONTINUA
942 _c01
010 _a21226
999 _c210070
_d210070